| 000 | 00444 a2200145 4500 | ||
|---|---|---|---|
| 999 |
_c459 _d459 |
||
| 020 | _a00000 | ||
| 050 | _aBS 2970 BIB 1971 | ||
| 100 | _aAmerican Bible Society | ||
| 245 |
_aThe Bible _bcontaining the old and new testament revised standard version / _cAmerican bible society |
||
| 264 |
_aNew York _bAmerican bible society _c1971 |
||
| 300 | _a1087p. | ||
| 500 | _aThe holy bible | ||
| 650 | _aBible- Christianity | ||
| 942 |
_2olc _cBK _h2970 _iBIB _kBS |
||